Central Library OPAC University of Rajshahi

A manual on conservation of soil and water / (Record no. 14212)

MARC details
000 -LEADER
fixed length control field 00732cam a2200241u 4500
001 - CONTROL NUMBER
control field 14212
003 - CONTROL NUMBER IDENTIFIER
rucl marc code BD-RjUL
005 - DATE AND TIME OF LATEST TRANSACTION
control field 20211208235605.0
008 - FIXED-LENGTH DATA ELEMENTS--GENERAL INFORMATION
fixed length control field 140205s1964 ii a 000 0 eng d
035 ## - SYSTEM CONTROL NUMBER
System control number (BD-RjUL)14264
040 ## - CATALOGING SOURCE
Original cataloging agency DLC
Transcribing agency CarP
Modifying agency DLC
-- BD-RjUL
Language of cataloging eng
041 ## - LANGUAGE CODE
Language code of text/sound track or separate title eng
082 04 - DEWEY DECIMAL CLASSIFICATION NUMBER
Edition number 21
Classification number 631.45
Author mark and year UNM 1964
110 1# - MAIN ENTRY--CORPORATE NAME
Corporate name or jurisdiction name as entry element United States.
Subordinate unit Soil Conservation Service. [from old catalog]
9 (RLIN) 44384
245 02 - TITLE STATEMENT
Title A manual on conservation of soil and water /
260 ## - PUBLICATION, DISTRIBUTION, ETC. (IMPRINT)
Place of publication, distribution, etc. New Delhi :
Name of publisher, distributor, etc. Oxford & IBH Publishing Co. ,
Date of publication, distribution, etc. 1964
300 ## - PHYSICAL DESCRIPTION
Pagination iv, 207 p. :
Illustrations illus. ;
Size 24 cm.
650 #0 - SUBJECT ADDED ENTRY--TOPICAL TERM
Topical term or geographic name as entry element Soil conservation.
9 (RLIN) 44382
Topical term or geographic name as entry element Water conservation.
9 (RLIN) 33895
942 ## - ADDED ENTRY ELEMENTS (KOHA)
Source of classification or shelving scheme Dewey Decimal Classification
Koha item type Books
Holdings
Lost status Source of classification or shelving scheme Damaged status Not for loan Collection code Permanent Location Current Location Shelving location Date acquired Source of acquisition Cost, normal purchase price Total Checkouts Full call number Date last seen Copy number Koha item type
  Dewey Decimal Classification     Non-fiction Central Library, University of Rajshahi Central Library, University of Rajshahi   26/06/1982 Standard Pub. 30.00   631.45 UNM 1964 05/02/2014 C-2 Books
  Dewey Decimal Classification     Non-fiction Central Library, University of Rajshahi Central Library, University of Rajshahi   26/06/1982 Standard Pub 30.00   631.45 UNM 1964 03/06/2017 C-3 Books